[Event "Irena Warakomska Memorial B"]
[Site "Suwalki"]
[Date "2020.08.12"]
[Round "8"]
[White "Kolcon, Waclaw"]
[Black "Dietrich, Grzegorz"]
[Result "0-1"]
[Board "25"]
[WhiteElo "1235"]
[WhiteCountry "POL"]
[WhiteFideId "21079129"]
[WhiteEloChange "-11"]
[BlackElo "1189"]
[BlackCountry "POL"]
[BlackFideId "21023174"]
[BlackEloChange "11"]

1. e4 {[%clk 1:30:30]} c5 {[%clk 1:30:30]} 2. Nc3 {[%clk 1:30:30]} Nc6 {[%clk
1:30:30]} 3. g3 {[%clk 1:30:30]} d6 {[%clk 1:30:30]} 4. Bg2 {[%clk 1:30:30]} Nf6
{[%clk 1:30:30]} 5. d3 {[%clk 1:30:30]} g6 {[%clk 1:30:30]} 6. h3 {[%clk
1:30:30]} Bg7 {[%clk 1:30:30]} 7. Be3 {[%clk 1:30:30]} O-O {[%clk 1:30:30]} 8.
Qd2 {[%clk 1:30:30]} Bd7 {[%clk 1:30:30]} 9. Nge2 {[%clk 1:30:30]} a6 {[%clk
1:30:30]} 10. f4 {[%clk 1:30:30]} e6 {[%clk 1:30:30]} 11. e5 {[%clk 1:30:30]} Ne8
{[%clk 1:30:30]} 12. exd6 {[%clk 1:30:30]} Nxd6 {[%clk 1:30:30]} 13. Bxc5 {[%clk
1:30:30]} Qc7 {[%clk 1:30:30]} 14. Bf2 {[%clk 1:30:30]} b5 {[%clk 1:30:30]} 15.
O-O {[%clk 1:30:30]} Rab8 {[%clk 1:30:30]} 16. Nd1 {[%clk 1:30:30]} Nf5 {[%clk
1:30:30]} 17. c3 {[%clk 1:30:30]} b4 {[%clk 1:30:30]} 18. Ne3 {[%clk 1:30:30]} a5
{[%clk 1:30:30]} 19. Rac1 {[%clk 1:30:30]} bxc3 {[%clk 1:30:30]} 20. bxc3 {[%clk
1:30:30]} Nxe3 {[%clk 1:30:30]} 21. Bxe3 {[%clk 1:30:30]} e5 {[%clk 1:30:30]} 22.
fxe5 {[%clk 1:30:30]} Nxe5 {[%clk 1:30:30]} 23. Bf4 {[%clk 1:30:30]} Qc8 {[%clk
1:30:30]} 24. Kh2 {[%clk 1:30:30]} Bc6 {[%clk 1:30:30]} 25. Bxc6 {[%clk 1:30:30]}
Qxc6 {[%clk 1:30:30]} 26. Bxe5 {[%clk 1:30:30]} Bxe5 {[%clk 1:30:30]} 27. d4
{[%clk 1:30:30]} Bd6 {[%clk 1:30:30]} 28. Qe3 {[%clk 1:30:30]} Rb7 {[%clk
1:30:30]} 29. Rc2 {[%clk 1:30:30]} Rfb8 {[%clk 1:30:30]} 30. c4 {[%clk 1:30:30]}
Qa4 {[%clk 1:30:30]} 31. Qf3 {[%clk 1:30:30]} Qe8 {[%clk 1:30:30]} 32. Rfc1
{[%clk 1:30:30]} Rb1 {[%clk 1:30:30]} 33. Rxb1 {[%clk 1:30:30]} Rxb1 {[%clk
1:30:30]} 34. c5 {[%clk 1:30:30]} Bc7 {[%clk 1:30:30]} 35. Nc3 {[%clk 1:30:30]}
Ra1 {[%clk 1:30:30]} 36. Re2 {[%clk 1:30:30]} Qb8 {[%clk 1:30:30]} 37. d5 {[%clk
1:30:30]} Bxg3+ {[%clk 1:30:30]} 38. Qxg3 {[%clk 1:30:30]} Rh1+ {[%clk 1:30:30]}
39. Kxh1 {[%clk 1:30:30]} Qxg3 {[%clk 1:30:30]} 0-1

[Event "Irena Warakomska Memorial B"]
[Site "Suwalki"]
[Date "2020.08.12"]
[Round "8"]
[White "Pieczulis, Hubert"]
[Black "Kaznowska, Kinga"]
[Result "1-0"]
[Board "27"]
[WhiteElo "1456"]
[WhiteCountry "POL"]
[WhiteFideId "21860335"]
[WhiteEloChange "2"]
[BlackElo "1007"]
[BlackCountry "POL"]
[BlackFideId "21816638"]
[BlackEloChange "-2"]

1. Nf3 {[%clk 1:30:30]} d5 {[%clk 1:30:30]} 2. d4 {[%clk 1:30:30]} e6 {[%clk
1:30:30]} 3. Bf4 {[%clk 1:30:30]} Nf6 {[%clk 1:30:30]} 4. e3 {[%clk 1:30:30]} Be7
{[%clk 1:30:30]} 5. a3 {[%clk 1:30:30]} Nbd7 {[%clk 1:30:30]} 6. c4 {[%clk
1:30:30]} b6 {[%clk 1:30:30]} 7. Nc3 {[%clk 1:30:30]} Bb7 {[%clk 1:30:30]} 8.
cxd5 {[%clk 1:30:30]} exd5 {[%clk 1:30:30]} 9. Nb5 {[%clk 1:30:30]} Rc8 {[%clk
1:30:30]} 10. Nxa7 {[%clk 1:30:30]} Ra8 {[%clk 1:30:30]} 11. Nb5 {[%clk 1:30:30]}
Rc8 {[%clk 1:30:30]} 12. Rc1 {[%clk 1:30:30]} c5 {[%clk 1:30:30]} 13. Be2 {[%clk
1:30:30]} O-O {[%clk 1:30:30]} 14. Nd6 {[%clk 1:30:30]} Bxd6 {[%clk 1:30:30]} 15.
Bxd6 {[%clk 1:30:30]} Re8 {[%clk 1:30:30]} 16. O-O {[%clk 1:30:30]} Ne4 {[%clk
1:30:30]} 17. Bg3 {[%clk 1:30:30]} Nxg3 {[%clk 1:30:30]} 18. hxg3 {[%clk
1:30:30]} c4 {[%clk 1:30:30]} 19. Nd2 {[%clk 1:30:30]} b5 {[%clk 1:30:30]} 20.
Bg4 {[%clk 1:30:30]} g6 {[%clk 1:30:30]} 21. Bxd7 {[%clk 1:30:30]} Qxd7 {[%clk
1:30:30]} 22. Nf3 {[%clk 1:30:30]} f6 {[%clk 1:30:30]} 23. Nd2 {[%clk 1:30:30]}
Qd6 {[%clk 1:30:30]} 24. Nb1 {[%clk 1:30:30]} b4 {[%clk 1:30:30]} 25. Qc2 {[%clk
1:30:30]} b3 {[%clk 1:30:30]} 26. Qd2 {[%clk 1:30:30]} Ba6 {[%clk 1:30:30]} 27.
Nc3 {[%clk 1:30:30]} Rc6 {[%clk 1:30:30]} 28. Rfe1 {[%clk 1:30:30]} Bb7 {[%clk
1:30:30]} 29. e4 {[%clk 1:30:30]} Rcc8 {[%clk 1:30:30]} 30. exd5 {[%clk 1:30:30]}
Bxd5 {[%clk 1:30:30]} 31. Re3 {[%clk 1:30:30]} Qc6 {[%clk 1:30:30]} 32. f3 {[%clk
1:30:30]} Rxe3 {[%clk 1:30:30]} 33. Qxe3 {[%clk 1:30:30]} Re8 {[%clk 1:30:30]}
34. Qd2 {[%clk 1:30:30]} Rd8 {[%clk 1:30:30]} 35. Kf2 {[%clk 1:30:30]} Bf7 {[%clk
1:30:30]} 36. Re1 {[%clk 1:30:30]} Qd6 {[%clk 1:30:30]} 37. Qf4 {[%clk 1:30:30]}
Qxf4 {[%clk 1:30:30]} 38. gxf4 {[%clk 1:30:30]} Bd5 {[%clk 1:30:30]} 39. Nxd5
{[%clk 1:30:30]} Rxd5 {[%clk 1:30:30]} 40. Ke3 {[%clk 1:30:30]} Rd8 {[%clk
1:30:30]} 41. Rc1 {[%clk 1:30:30]} Rc8 {[%clk 1:30:30]} 42. d5 {[%clk 1:30:30]}
c3 {[%clk 1:30:30]} 43. bxc3 {[%clk 1:30:30]} b2 {[%clk 1:30:30]} 44. Rb1 {[%clk
1:30:30]} Rxc3+ {[%clk 1:30:30]} 45. Kd2 {[%clk 1:30:30]} Rxa3 {[%clk 1:30:30]}
46. Rxb2 {[%clk 1:30:30]} Ra8 {[%clk 1:30:30]} 47. Kd3 {[%clk 1:30:30]} Rd8
{[%clk 1:30:30]} 48. Kd4 {[%clk 1:30:30]} h6 {[%clk 1:30:30]} 49. Rb6 {[%clk
1:30:30]} Kf7 {[%clk 1:30:30]} 50. Rb7+ {[%clk 1:30:30]} Kg8 {[%clk 1:30:30]} 51.
Kc5 {[%clk 1:30:30]} h5 {[%clk 1:30:30]} 52. d6 {[%clk 1:30:30]} Kf8 {[%clk
1:30:30]} 53. Kc6 {[%clk 1:30:30]} f5 {[%clk 1:30:30]} 54. Rh7 {[%clk 1:30:30]}
Kg8 {[%clk 1:30:30]} 55. Rd7 {[%clk 1:30:30]} Re8 {[%clk 1:30:30]} 56. Re7 {[%clk
1:30:30]} Kf8 {[%clk 1:30:30]} 57. Rxe8+ {[%clk 1:30:30]} Kxe8 {[%clk 1:30:30]}
58. Kc7 {[%clk 1:30:30]} Kf7 {[%clk 1:30:30]} 59. d7 {[%clk 1:30:30]} Kg7 {[%clk
1:30:30]} 60. d8=Q {[%clk 1:30:30]} 1-0

[Event "Irena Warakomska Memorial B"]
[Site "Suwalki"]
[Date "2020.08.12"]
[Round "8"]
[White "Peksa, Zuzanna"]
[Black "Krzyszkowiak, Bozena"]
[Result "1-0"]
[Board "28"]
[WhiteElo "1146"]
[WhiteCountry "POL"]
[WhiteFideId "21892318"]
[WhiteEloChange "14"]
[BlackElo "1287"]
[BlackCountry "POL"]
[BlackFideId "21829101"]
[BlackEloChange "-14"]

1. e4 {[%clk 1:30:30]} c5 {[%clk 1:30:30]} 2. Nf3 {[%clk 1:30:30]} Nc6 {[%clk
1:30:30]} 3. d4 {[%clk 1:30:30]} cxd4 {[%clk 1:30:30]} 4. Nxd4 {[%clk 1:30:30]}
Nxd4 {[%clk 1:30:30]} 5. Qxd4 {[%clk 1:30:30]} e6 {[%clk 1:30:30]} 6. Be2 {[%clk
1:30:30]} d6 {[%clk 1:30:30]} 7. O-O {[%clk 1:30:30]} a6 {[%clk 1:30:30]} 8. c4
{[%clk 1:30:30]} Qc7 {[%clk 1:30:30]} 9. Nc3 {[%clk 1:30:30]} Ne7 {[%clk
1:30:30]} 10. Kh1 {[%clk 1:30:30]} Nc6 {[%clk 1:30:30]} 11. Qd3 {[%clk 1:30:30]}
Ne5 {[%clk 1:30:30]} 12. Qc2 {[%clk 1:30:30]} Be7 {[%clk 1:30:30]} 13. b3 {[%clk
1:30:30]} O-O {[%clk 1:30:30]} 14. f4 {[%clk 1:30:30]} Nd7 {[%clk 1:30:30]} 15.
Bb2 {[%clk 1:30:30]} b6 {[%clk 1:30:30]} 16. Rad1 {[%clk 1:30:30]} Bb7 {[%clk
1:30:30]} 17. Rf3 {[%clk 1:30:30]} Nf6 {[%clk 1:30:30]} 18. Rh3 {[%clk 1:30:30]}
e5 {[%clk 1:30:30]} 19. f5 {[%clk 1:30:30]} Bc6 {[%clk 1:30:30]} 20. Qd3 {[%clk
1:30:30]} Qb7 {[%clk 1:30:30]} 21. Nd5 {[%clk 1:30:30]} Nxd5 {[%clk 1:30:30]} 22.
exd5 {[%clk 1:30:30]} Bd7 {[%clk 1:30:30]} 23. Qe4 {[%clk 1:30:30]} Qc8 {[%clk
1:30:30]} 24. Bg4 {[%clk 1:30:30]} g6 {[%clk 1:30:30]} 25. Rf1 {[%clk 1:30:30]}
Bf6 {[%clk 1:30:30]} 26. Rg3 {[%clk 1:30:30]} Kg7 {[%clk 1:30:30]} 27. Bh5 {[%clk
1:30:30]} g5 {[%clk 1:30:30]} 28. h4 {[%clk 1:30:30]} h6 {[%clk 1:30:30]} 29. Bc1
{[%clk 1:30:30]} Qd8 {[%clk 1:30:30]} 30. hxg5 {[%clk 1:30:30]} hxg5 {[%clk
1:30:30]} 31. Qh4 {[%clk 1:30:30]} Kh6 {[%clk 1:30:30]} 32. Qh3 {[%clk 1:30:30]}
Kg7 {[%clk 1:30:30]} 1-0

[Event "Irena Warakomska Memorial B"]
[Site "Suwalki"]
[Date "2020.08.12"]
[Round "8"]
[White "Gladyszewski, Adam"]
[Black "Maliszewski, Stefan"]
[Result "0-1"]
[Board "29"]
[WhiteElo "1174"]
[WhiteCountry "POL"]
[WhiteFideId "21856788"]
[WhiteEloChange "-13"]
[BlackElo "1083"]
[BlackCountry "POL"]
[BlackFideId "21000034"]
[BlackEloChange "13"]

1. Nf3 {[%clk 1:30:30]} e6 {[%clk 1:30:30]} 2. c4 {[%clk 1:30:30]} c5 {[%clk
1:30:30]} 3. g3 {[%clk 1:30:30]} b6 {[%clk 1:30:30]} 4. Bg2 {[%clk 1:30:30]} Bb7
{[%clk 1:30:30]} 5. Nc3 {[%clk 1:30:30]} Nf6 {[%clk 1:30:30]} 6. d3 {[%clk
1:30:30]} Be7 {[%clk 1:30:30]} 7. O-O {[%clk 1:30:30]} O-O {[%clk 1:30:30]} 8.
Bg5 {[%clk 1:30:30]} h6 {[%clk 1:30:30]} 9. Bf4 {[%clk 1:30:30]} d5 {[%clk
1:30:30]} 10. cxd5 {[%clk 1:30:30]} Nxd5 {[%clk 1:30:30]} 11. Nxd5 {[%clk
1:30:30]} Bxd5 {[%clk 1:30:30]} 12. Qc2 {[%clk 1:30:30]} Bd6 {[%clk 1:30:30]} 13.
Bd2 {[%clk 1:30:30]} Nd7 {[%clk 1:30:30]} 14. Bc3 {[%clk 1:30:30]} Rc8 {[%clk
1:30:30]} 15. Qa4 {[%clk 1:30:30]} Qc7 {[%clk 1:30:30]} 16. Qg4 {[%clk 1:30:30]}
Be5 {[%clk 1:30:30]} 17. d4 {[%clk 1:30:30]} Bf6 {[%clk 1:30:30]} 18. Rfc1 {[%clk
1:30:30]} Rfd8 {[%clk 1:30:30]} 19. e4 {[%clk 1:30:30]} Bb7 {[%clk 1:30:30]} 20.
Bd2 {[%clk 1:30:30]} Kh8 {[%clk 1:30:30]} 21. Rc2 {[%clk 1:30:30]} Qb8 {[%clk
1:30:30]} 22. Rac1 {[%clk 1:30:30]} cxd4 {[%clk 1:30:30]} 23. e5 {[%clk 1:30:30]}
Nxe5 {[%clk 1:30:30]} 24. Nxe5 {[%clk 1:30:30]} Bxe5 {[%clk 1:30:30]} 25. Bxb7
{[%clk 1:30:30]} Qxb7 {[%clk 1:30:30]} 26. Qe2 {[%clk 1:30:30]} Rxc2 {[%clk
1:30:30]} 27. Rxc2 {[%clk 1:30:30]} d3 {[%clk 1:30:30]} 28. Qxe5 {[%clk 1:30:30]}
dxc2 {[%clk 1:30:30]} 29. Qe1 {[%clk 1:30:30]} Qc7 {[%clk 1:30:30]} 30. Qc1
{[%clk 1:30:30]} 0-1

[Event "Irena Warakomska Memorial B"]
[Site "Suwalki"]
[Date "2020.08.12"]
[Round "8"]
[White "Szczepanska, Jagoda"]
[Black "Zawal, Krzysztof"]
[Result "0-1"]
[Board "31"]
[WhiteElo "1015"]
[WhiteCountry "POL"]
[WhiteFideId "21030154"]
[WhiteEloChange "-7"]
[BlackElo "1114"]
[BlackCountry "POL"]
[BlackFideId "21023255"]
[BlackEloChange "7"]

1. e4 {[%clk 1:30:30]} e5 {[%clk 1:30:30]} 2. Nf3 {[%clk 1:30:30]} Nc6 {[%clk
1:30:30]} 3. Bc4 {[%clk 1:30:30]} Nf6 {[%clk 1:30:30]} 4. Nc3 {[%clk 1:30:30]}
Nxe4 {[%clk 1:30:30]} 5. Nxe4 {[%clk 1:30:30]} d5 {[%clk 1:30:30]} 6. Bd3 {[%clk
1:30:30]} dxe4 {[%clk 1:30:30]} 7. Bxe4 {[%clk 1:30:30]} Bg4 {[%clk 1:30:30]} 8.
h3 {[%clk 1:30:30]} Bh5 {[%clk 1:30:30]} 9. Bd3 {[%clk 1:30:30]} Bg6 {[%clk
1:30:30]} 10. Be2 {[%clk 1:30:30]} e4 {[%clk 1:30:30]} 11. Nh2 {[%clk 1:30:30]}
Bd6 {[%clk 1:30:30]} 12. O-O {[%clk 1:30:30]} O-O {[%clk 1:30:30]} 13. f3 {[%clk
1:30:30]} Bxh2+ {[%clk 1:30:30]} 14. Kxh2 {[%clk 1:30:30]} exf3 {[%clk 1:30:30]}
15. Bxf3 {[%clk 1:30:30]} Qd6+ {[%clk 1:30:30]} 16. Kh1 {[%clk 1:30:30]} Rfe8
{[%clk 1:30:30]} 17. b3 {[%clk 1:30:30]} Re7 {[%clk 1:30:30]} 18. Bb2 {[%clk
1:30:30]} Rae8 {[%clk 1:30:30]} 19. d3 {[%clk 1:30:30]} h6 {[%clk 1:30:30]} 20.
Qd2 {[%clk 1:30:30]} Nd4 {[%clk 1:30:30]} 21. Bxd4 {[%clk 1:30:30]} Qxd4 {[%clk
1:30:30]} 22. Bxb7 {[%clk 1:30:30]} Re2 {[%clk 1:30:30]} 23. Qd1 {[%clk 1:30:30]}
Qe3 {[%clk 1:30:30]} 24. Bf3 {[%clk 1:30:30]} Rf2 {[%clk 1:30:30]} 25. Rxf2
{[%clk 1:30:30]} Qxf2 {[%clk 1:30:30]} 26. Kh2 {[%clk 1:30:30]} Re3 {[%clk
1:30:30]} 27. Rc1 {[%clk 1:30:30]} Kh7 {[%clk 1:30:30]} 28. a4 {[%clk 1:30:30]}
a5 {[%clk 1:30:30]} 29. Qg1 {[%clk 1:30:30]} Rxf3 {[%clk 1:30:30]} 30. Qxf2
{[%clk 1:30:30]} Rxf2 {[%clk 1:30:30]} 31. Kg1 {[%clk 1:30:30]} Re2 {[%clk
1:30:30]} 32. Kf1 {[%clk 1:30:30]} Re7 {[%clk 1:30:30]} 33. Kf2 {[%clk 1:30:30]}
Bf5 {[%clk 1:30:30]} 34. Kf3 {[%clk 1:30:30]} Bd7 {[%clk 1:30:30]} 35. Rf1 {[%clk
1:30:30]} Bc6+ {[%clk 1:30:30]} 36. Kg3 {[%clk 1:30:30]} Kg6 {[%clk 1:30:30]} 37.
Rf2 {[%clk 1:30:30]} Kg5 {[%clk 1:30:30]} 38. Rd2 {[%clk 1:30:30]} f5 {[%clk
1:30:30]} 39. d4 {[%clk 1:30:30]} f4+ {[%clk 1:30:30]} 40. Kh2 {[%clk 1:30:30]}
Kf5 {[%clk 1:30:30]} 41. d5 {[%clk 1:30:30]} Rd7 {[%clk 1:30:30]} 42. c4 {[%clk
1:30:30]} Bb7 {[%clk 1:30:30]} 43. Rf2 {[%clk 1:30:30]} c6 {[%clk 1:30:30]} 44.
dxc6 {[%clk 1:30:30]} Bxc6 {[%clk 1:30:30]} 45. g3 {[%clk 1:30:30]} g5 {[%clk
1:30:30]} 46. gxf4 {[%clk 1:30:30]} gxf4 {[%clk 1:30:30]} 47. Rb2 {[%clk
1:30:30]} f3 {[%clk 1:30:30]} 48. Rf2 {[%clk 1:30:30]} Re7 {[%clk 1:30:30]} 49.
Kg1 {[%clk 1:30:30]} Re1+ {[%clk 1:30:30]} 50. Kh2 {[%clk 1:30:30]} Kf4 {[%clk
1:30:30]} 51. c5 {[%clk 1:30:30]} Ke3 {[%clk 1:30:30]} 52. Kg3 {[%clk 1:30:30]}
Rg1+ {[%clk 1:30:30]} 0-1

[Event "Irena Warakomska Memorial B"]
[Site "Suwalki"]
[Date "2020.08.12"]
[Round "8"]
[White "Zalega, Joanna"]
[Black "Owczarz, Michal"]
[Result "0-1"]
[Board "32"]
[WhiteElo "1072"]
[WhiteCountry "POL"]
[WhiteFideId "21847843"]
[WhiteEloChange "-12"]
[BlackElo "1018"]
[BlackCountry "POL"]
[BlackFideId "21048665"]
[BlackEloChange "12"]

1. d4 {[%clk 1:30:30]} Nf6 {[%clk 1:30:30]} 2. c4 {[%clk 1:30:30]} g6 {[%clk
1:30:30]} 3. Nc3 {[%clk 1:30:30]} Bg7 {[%clk 1:30:30]} 4. e4 {[%clk 1:30:30]} d6
{[%clk 1:30:30]} 5. Nf3 {[%clk 1:30:30]} O-O {[%clk 1:30:30]} 6. Bg5 {[%clk
1:30:30]} h6 {[%clk 1:30:30]} 7. Bxf6 {[%clk 1:30:30]} Bxf6 {[%clk 1:30:30]} 8.
Qd2 {[%clk 1:30:30]} Kh7 {[%clk 1:30:30]} 9. Be2 {[%clk 1:30:30]} Nc6 {[%clk
1:30:30]} 10. d5 {[%clk 1:30:30]} Ne5 {[%clk 1:30:30]} 11. Nxe5 {[%clk 1:30:30]}
Bxe5 {[%clk 1:30:30]} 12. g4 {[%clk 1:30:30]} g5 {[%clk 1:30:30]} 13. h4 {[%clk
1:30:30]} Bf4 {[%clk 1:30:30]} 14. Qd3 {[%clk 1:30:30]} Kg8 {[%clk 1:30:30]} 15.
hxg5 {[%clk 1:30:30]} Bxg5 {[%clk 1:30:30]} 16. e5 {[%clk 1:30:30]} dxe5 {[%clk
1:30:30]} 17. Ne4 {[%clk 1:30:30]} e6 {[%clk 1:30:30]} 18. Nxg5 {[%clk 1:30:30]}
Qxg5 {[%clk 1:30:30]} 19. Rh5 {[%clk 1:30:30]} Qf4 {[%clk 1:30:30]} 20. Qf3
{[%clk 1:30:30]} exd5 {[%clk 1:30:30]} 21. Qxd5 {[%clk 1:30:30]} Bxg4 {[%clk
1:30:30]} 22. Rxe5 {[%clk 1:30:30]} Bxe2 {[%clk 1:30:30]} 23. Kxe2 {[%clk
1:30:30]} Rfe8 {[%clk 1:30:30]} 24. Re3 {[%clk 1:30:30]} Qg4+ {[%clk 1:30:30]}
25. Qf3 {[%clk 1:30:30]} Qxc4+ {[%clk 1:30:30]} 26. Kd1 {[%clk 1:30:30]} Rad8+
{[%clk 1:30:30]} 27. Ke1 {[%clk 1:30:30]} Qb4+ {[%clk 1:30:30]} 28. Kf1 {[%clk
1:30:30]} Rxe3 {[%clk 1:30:30]} 29. Qxe3 {[%clk 1:30:30]} Qxb2 {[%clk 1:30:30]}
30. Qg3+ {[%clk 1:30:30]} Kf8 {[%clk 1:30:30]} 31. Re1 {[%clk 1:30:30]} Qb5+
{[%clk 1:30:30]} 32. Kg2 {[%clk 1:30:30]} Qc6+ {[%clk 1:30:30]} 33. Kf1 {[%clk
1:30:30]} Re8 {[%clk 1:30:30]} 34. Qa3+ {[%clk 1:30:30]} Kg7 {[%clk 1:30:30]} 35.
Qg3+ {[%clk 1:30:30]} Kf8 {[%clk 1:30:30]} 36. Rxe8+ {[%clk 1:30:30]} Qxe8 {[%clk
1:30:30]} 37. Qc3 {[%clk 1:30:30]} Kg8 {[%clk 1:30:30]} 38. Qg3+ {[%clk 1:30:30]}
Kf8 {[%clk 1:30:30]} 39. Qxc7 {[%clk 1:30:30]} Qb5+ {[%clk 1:30:30]} 40. Kg1
{[%clk 1:30:30]} Qb1+ {[%clk 1:30:30]} 41. Kg2 {[%clk 1:30:30]} Qe4+ {[%clk
1:30:30]} 42. Kf1 {[%clk 1:30:30]} Qb1+ {[%clk 1:30:30]} 43. Kg2 {[%clk 1:30:30]}
Qxa2 {[%clk 1:30:30]} 44. Qd8+ {[%clk 1:30:30]} Kg7 {[%clk 1:30:30]} 45. Qd4+
{[%clk 1:30:30]} Kg6 {[%clk 1:30:30]} 46. Qg4+ {[%clk 1:30:30]} Kf6 {[%clk
1:30:30]} 47. Qf4+ {[%clk 1:30:30]} Ke6 {[%clk 1:30:30]} 48. Qxh6+ {[%clk
1:30:30]} Ke5 {[%clk 1:30:30]} 49. Qe3+ {[%clk 1:30:30]} Kd5 {[%clk 1:30:30]} 50.
Qf3+ {[%clk 1:30:30]} Kc5 {[%clk 1:30:30]} 51. Qe3+ {[%clk 1:30:30]} Kb5 {[%clk
1:30:30]} 52. Qe5+ {[%clk 1:30:30]} Ka6 {[%clk 1:30:30]} 53. Qd6+ {[%clk
1:30:30]} b6 {[%clk 1:30:30]} 0-1

[Event "Irena Warakomska Memorial B"]
[Site "Suwalki"]
[Date "2020.08.12"]
[Round "8"]
[White "Wardziak, Ewa"]
[Black "Peksa, Piotr"]
[Result "0-1"]
[Board "33"]
[WhiteElo "1280"]
[WhiteCountry "POL"]
[WhiteFideId "1156373"]
[WhiteEloChange "-16"]
[BlackElo "1018"]
[BlackCountry "POL"]
[BlackFideId "21893659"]
[BlackEloChange "16"]

1. e4 {[%clk 1:30:30]} e5 {[%clk 1:30:30]} 2. Nf3 {[%clk 1:30:30]} Nc6 {[%clk
1:30:30]} 3. Nc3 {[%clk 1:30:30]} Nf6 {[%clk 1:30:30]} 4. Bc4 {[%clk 1:30:30]}
Bc5 {[%clk 1:30:30]} 5. Ng5 {[%clk 1:30:30]} O-O {[%clk 1:30:30]} 6. d3 {[%clk
1:30:30]} h6 {[%clk 1:30:30]} 7. Nf3 {[%clk 1:30:30]} d6 {[%clk 1:30:30]} 8. h3
{[%clk 1:30:30]} a6 {[%clk 1:30:30]} 9. Bd2 {[%clk 1:30:30]} Be6 {[%clk 1:30:30]}
10. Nd5 {[%clk 1:30:30]} Bxd5 {[%clk 1:30:30]} 11. exd5 {[%clk 1:30:30]} Ne7
{[%clk 1:30:30]} 12. Qe2 {[%clk 1:30:30]} Nfxd5 {[%clk 1:30:30]} 13. O-O-O {[%clk
1:30:30]} Nf6 {[%clk 1:30:30]} 14. g4 {[%clk 1:30:30]} b5 {[%clk 1:30:30]} 15.
Bb3 {[%clk 1:30:30]} a5 {[%clk 1:30:30]} 16. a3 {[%clk 1:30:30]} Qb8 {[%clk
1:30:30]} 17. g5 {[%clk 1:30:30]} hxg5 {[%clk 1:30:30]} 18. Bxg5 {[%clk 1:30:30]}
Ng6 {[%clk 1:30:30]} 19. Bxf6 {[%clk 1:30:30]} gxf6 {[%clk 1:30:30]} 20. Rdg1
{[%clk 1:30:30]} Kh7 {[%clk 1:30:30]} 21. Ng5+ {[%clk 1:30:30]} fxg5 {[%clk
1:30:30]} 22. Rxg5 {[%clk 1:30:30]} Kg7 {[%clk 1:30:30]} 23. Rhg1 {[%clk
1:30:30]} Kf6 {[%clk 1:30:30]} 24. Qe4 {[%clk 1:30:30]} Ke7 {[%clk 1:30:30]} 25.
Qf5 {[%clk 1:30:30]} Qc8 {[%clk 1:30:30]} 26. Qf3 {[%clk 1:30:30]} Nf4 {[%clk
1:30:30]} 27. R5g3 {[%clk 1:30:30]} Qd7 {[%clk 1:30:30]} 28. Rg7 {[%clk 1:30:30]}
Qf5 {[%clk 1:30:30]} 29. R7g5 {[%clk 1:30:30]} Qh7 {[%clk 1:30:30]} 30. Kb1
{[%clk 1:30:30]} Rg8 {[%clk 1:30:30]} 31. Qg4 {[%clk 1:30:30]} Rg6 {[%clk
1:30:30]} 32. h4 {[%clk 1:30:30]} Rag8 {[%clk 1:30:30]} 33. Qf5 {[%clk 1:30:30]}
R8g7 {[%clk 1:30:30]} 34. Qe4 {[%clk 1:30:30]} Rxg5 {[%clk 1:30:30]} 35. hxg5
{[%clk 1:30:30]} Qxe4 {[%clk 1:30:30]} 36. dxe4 {[%clk 1:30:30]} Bxf2 {[%clk
1:30:30]} 37. Rg3 {[%clk 1:30:30]} c5 {[%clk 1:30:30]} 38. Rf3 {[%clk 1:30:30]}
Bh4 {[%clk 1:30:30]} 39. Kc1 {[%clk 1:30:30]} Rxg5 {[%clk 1:30:30]} 40. Kd2
{[%clk 1:30:30]} Rg2+ {[%clk 1:30:30]} 41. Kd1 {[%clk 1:30:30]} c4 {[%clk
1:30:30]} 42. Ba2 {[%clk 1:30:30]} Rg1+ {[%clk 1:30:30]} 43. Kd2 {[%clk 1:30:30]}
Ra1 {[%clk 1:30:30]} 44. Bxc4 {[%clk 1:30:30]} bxc4 {[%clk 1:30:30]} 0-1